[Event "Torneo de Benidorm sub 2000 2019"]
[Site "Benidorm ESP"]
[Date "2019.12.01"]
[Round "3.2"]
[White "Nahornyi, Ihor"]
[Black "Cemborain Oricain, Alfonso"]
[Result "1-0"]
[WhiteElo "1999"]
[BlackElo "1877"]
[PlyCount "99"]
[EventDate "2019.11.29"]
[EventType "swiss"]
[EventRounds "10"]
[EventCountry "ESP"]
[SourceTitle "Ajedrez en Madrid"]
[Source "lmi"]
[SourceDate "2019.11.30"]
[SourceVersion "1"]
[SourceVersionDate "2019.12.08"]
[SourceQuality "1"]

1. e4 d5 2. exd5 Qxd5 3. Nc3 Qd6 4. d4 Nf6 5. Nf3 c6 6. g3 Bg4 7. Bg2 e6 8. h3
Bxf3 9. Bxf3 Nbd7 10. Bf4 Qb4 11. Qd3 Be7 12. O-O-O O-O 13. Rhe1 Bd6 14. Bg5
Qa5 15. Bd2 Qc7 16. g4 Rfd8 17. g5 Nd5 18. h4 Nxc3 19. Qxc3 Nf8 20. Qe3 Rd7 21.
h5 Rad8 22. Be4 c5 23. g6 f5 24. gxh7+ Kh8 25. Bd3 cxd4 26. Qf3 Qc6 27. Qe2 Qc7
28. Rg1 Bf4 29. Rg2 Rc8 30. Rdg1 Rf7 31. Kb1 Bxd2 32. Qxd2 e5 33. b3 Qd7 34.
Bc4 Re7 35. Qg5 Rc7 36. h6 Nxh7 37. hxg7+ Rxg7 38. Qh6 Rxg2 39. Rxg2 Rxc4 40.
bxc4 d3 41. Qe3 dxc2+ 42. Kxc2 Qa4+ 43. Kb2 Qb4+ 44. Ka1 Qa5 45. f4 Qc7 46.
Qxe5+ Qxe5+ 47. fxe5 Nf8 48. Kb2 Ne6 49. Rg6 Nc5 50. e6 1-0

[Event "Torneo de Benidorm sub 2000 2019"]
[Site "Benidorm ESP"]
[Date "2019.12.01"]
[Round "3.3"]
[White "Bono Monreal, Alberto"]
[Black "Machin Arbelo, Pedro Alexis"]
[Result "0-1"]
[WhiteElo "1875"]
[BlackElo "1995"]
[PlyCount "72"]
[EventDate "2019.11.29"]
[EventType "swiss"]
[EventRounds "10"]
[EventCountry "ESP"]
[SourceTitle "Ajedrez en Madrid"]
[Source "lmi"]
[SourceDate "2019.11.30"]
[SourceVersion "1"]
[SourceVersionDate "2019.12.08"]
[SourceQuality "1"]

1. e4 c5 2. c3 Nf6 3. e5 Nd5 4. d4 e6 5. f4 cxd4 6. cxd4 Bb4+ 7. Bd2 Qb6 8. a3
Be7 9. Bc3 Nxf4 10. Qg4 g5 11. h4 Nd5 12. hxg5 Nxc3 13. bxc3 Qb2 14. Bd3 Qxa1
15. Ne2 Qb2 16. O-O Nc6 17. Qh5 Kd8 18. Rxf7 b6 19. g6 Ba6 20. g7 Rg8 21. Qxh7
Kc7 22. Bxa6 b5 23. d5 Qxe2 24. d6+ Bxd6 25. exd6+ Kxd6 26. Rf2 Qe1+ 27. Rf1
Qe3+ 28. Kh1 Qe5 29. Qd3+ Qd5 30. Qg3+ Qe5 31. Qd3+ Kc7 32. Rd1 Rxg7 33. Nd2
Rh8+ 34. Kg1 Qh2+ 35. Kf1 Qxg2+ 36. Ke1 Rh2 0-1

[Event "Torneo de Benidorm sub 2000 2019"]
[Site "Benidorm ESP"]
[Date "2019.12.01"]
[Round "3.4"]
[White "Bote Kobolo, Benjamin E."]
[Black "Sanleon Pravisano, Nieves"]
[Result "1-0"]
[WhiteElo "1983"]
[BlackElo "1876"]
[PlyCount "77"]
[EventDate "2019.11.29"]
[EventType "swiss"]
[EventRounds "10"]
[EventCountry "ESP"]
[SourceTitle "Ajedrez en Madrid"]
[Source "lmi"]
[SourceDate "2019.11.30"]
[SourceVersion "1"]
[SourceVersionDate "2019.12.08"]
[SourceQuality "1"]

1. e4 e5 2. Bc4 Nc6 3. Nf3 Bc5 4. Nc3 a6 5. d3 h6 6. a3 d6 7. h3 Nge7 8. O-O
O-O 9. Be3 Ng6 10. Ne2 Kh8 11. Ng3 Nce7 12. d4 exd4 13. Nxd4 Bxd4 14. Qxd4 Kh7
15. Nh5 f6 16. f4 Nc6 17. Qc3 Qe7 18. Bd3 f5 19. Rae1 Qf7 20. Bc4 Qd7 21. exf5
Rxf5 22. Be6 Qe7 23. Bxf5 Bxf5 24. Bd4 Qf7 25. Bxg7 Nh4 26. g4 Bg6 27. Bf6 Nf5
28. gxf5 Bxh5 29. Rf2 Rg8+ 30. Kh2 Qd5 31. Qd3 Qxd3 32. cxd3 Rf8 33. Bc3 d5 34.
Be5 Rxf5 35. d4 Rf7 36. f5 Ne7 37. f6 Ng8 38. Rg1 c6 39. Rfg2 1-0

[Event "Torneo de Benidorm sub 2000 2019"]
[Site "Benidorm ESP"]
[Date "2019.12.01"]
[Round "3.5"]
[White "Campos Gutierrez, Jorge"]
[Black "Estevez Jacome, Jose Ramon"]
[Result "1/2-1/2"]
[WhiteElo "1865"]
[BlackElo "1981"]
[PlyCount "85"]
[EventDate "2019.11.29"]
[EventType "swiss"]
[EventRounds "10"]
[EventCountry "ESP"]
[SourceTitle "Ajedrez en Madrid"]
[Source "lmi"]
[SourceDate "2019.11.30"]
[SourceVersion "1"]
[SourceVersionDate "2019.12.08"]
[SourceQuality "1"]

1. d4 Nf6 2. Nc3 d5 3. Bg5 c6 4. Qd3 g6 5. f3 Bg7 6. e4 dxe4 7. fxe4 O-O 8.
O-O-O b5 9. Nf3 b4 10. Ne2 Ba6 11. Qe3 Ng4 12. Qg1 Nd7 13. h3 Ngf6 14. Qe3 Qa5
15. Kb1 e5 16. Bh6 Rfe8 17. Bxg7 Kxg7 18. Ng3 h6 19. Bxa6 Qxa6 20. dxe5 Nxe5
21. Nxe5 Rxe5 22. Qf4 Rae8 23. Rhf1 c5 24. Rf3 Qe6 25. Rdf1 Nxe4 26. Nxe4 Rxe4
27. Qxf7+ Qxf7 28. Rxf7+ Kg8 29. Kc1 Re1+ 30. Rxe1 Rxe1+ 31. Kd2 Rg1 32. Rf2
Kg7 33. Kd3 Ra1 34. Kc4 Rxa2 35. b3 Ra5 36. Kd5 g5 37. g4 Kg6 38. Ke6 Ra1 39.
Rf6+ Kg7 40. Rf7+ Kg8 41. Rc7 Rh1 42. Kf6 Rxh3 43. Rc8+ 1/2-1/2

[Event "Torneo de Benidorm sub 2000 2019"]
[Site "Benidorm ESP"]
[Date "2019.12.01"]
[Round "3.6"]
[White "Westerweele, Henrik"]
[Black "Rodriguez Gomez, Vicente"]
[Result "1-0"]
[WhiteElo "1977"]
[BlackElo "1866"]
[PlyCount "79"]
[EventDate "2019.11.29"]
[EventType "swiss"]
[EventRounds "10"]
[EventCountry "ESP"]
[SourceTitle "Ajedrez en Madrid"]
[Source "lmi"]
[SourceDate "2019.11.30"]
[SourceVersion "1"]
[SourceVersionDate "2019.12.08"]
[SourceQuality "1"]

1. e4 e5 2. Nf3 Nc6 3. Bc4 Nf6 4. d3 Be7 5. O-O d6 6. c3 Na5 7. Bb5+ Bd7 8. Ba4
c5 9. Bc2 h6 10. d4 Qc7 11. Re1 O-O 12. Nh4 Rfe8 13. Nf5 Bf8 14. Qf3 Bxf5 15.
Qxf5 cxd4 16. Bxh6 gxh6 17. Qxf6 Bg7 18. Qf3 Re6 19. Bd3 Nc6 20. Na3 dxc3 21.
Nb5 Qb6 22. Nxc3 Rf6 23. Nd5 Qd8 24. Nxf6+ Bxf6 25. Rac1 Nd4 26. Qg4+ Kh7 27.
Rc3 Bg5 28. Rd1 b5 29. Bf1 Qb6 30. Qd7 Rg8 31. Qxf7+ Rg7 32. Qh5 Ne6 33. Rg3
Nf4 34. Qe8 Re7 35. Qf8 Qc7 36. h4 Ng6 37. Qa8 Nxh4 38. Qd5 Ng6 39. Rc3 Qa5 40.
Rc8 1-0

[Event "Torneo de Benidorm sub 2000 2019"]
[Site "Benidorm ESP"]
[Date "2019.12.01"]
[Round "3.7"]
[White "Segura Del Frago, Imanol"]
[Black "Wlogalski, Olivier"]
[Result "1/2-1/2"]
[WhiteElo "1973"]
[BlackElo "1858"]
[PlyCount "116"]
[EventDate "2019.11.29"]
[EventType "swiss"]
[EventRounds "10"]
[EventCountry "ESP"]
[SourceTitle "Ajedrez en Madrid"]
[Source "lmi"]
[SourceDate "2019.11.30"]
[SourceVersion "1"]
[SourceVersionDate "2019.12.08"]
[SourceQuality "1"]

1. e4 b6 2. d4 Bb7 3. Bd3 e6 4. Nf3 c5 5. O-O Nf6 6. Re1 Be7 7. c4 d6 8. d5 e5
9. Nc3 h6 10. Nd2 g5 11. Nf1 Bc8 12. a3 Bg4 13. Qc2 Bh5 14. Ne2 Bg6 15. Neg3
Nh5 16. Nxh5 Bxh5 17. b4 Nd7 18. Bd2 Bg6 19. Ng3 O-O 20. Be2 Bf6 21. Bg4 Bg7
22. Qd3 Nf6 23. Bf5 Nh5 24. Nxh5 Bxh5 25. bxc5 bxc5 26. Rab1 Qc7 27. Rb5 Rfb8
28. a4 a6 29. Ba5 Qa7 30. Rbb1 Rxb1 31. Rxb1 Rb8 32. Rb3 Bg6 33. Bxg6 fxg6 34.
Qb1 Rxb3 35. Qxb3 Bf8 36. Bd2 Be7 37. h4 Qd7 38. hxg5 hxg5 39. a5 Bd8 40. Qb8
Kg7 41. Qa8 Qa4 42. Kh2 Qd1 43. Be3 Qh5+ 44. Kg1 Qd1+ 45. Kh2 Qh5+ 46. Kg3 Qh4+
47. Kf3 Qh5+ 48. g4 Qh3+ 49. Ke2 Qxg4+ 50. f3 Qg2+ 51. Bf2 Bxa5 52. Qxa6 Bc3
53. Qxd6 Bd4 54. Qe7+ Kg8 55. Qe6+ Kg7 56. Qe7+ Kg8 57. Qe6+ Kg7 58. Qe7+ Kg8
1/2-1/2

[Event "Torneo de Benidorm sub 2000 2019"]
[Site "Benidorm ESP"]
[Date "2019.12.01"]
[Round "3.8"]
[White "Sabater Robles, Rafael"]
[Black "Blondel, Jerome"]
[Result "1-0"]
[WhiteElo "1956"]
[BlackElo "1847"]
[PlyCount "47"]
[EventDate "2019.11.29"]
[EventType "swiss"]
[EventRounds "10"]
[EventCountry "ESP"]
[SourceTitle "Ajedrez en Madrid"]
[Source "lmi"]
[SourceDate "2019.11.30"]
[SourceVersion "1"]
[SourceVersionDate "2019.12.08"]
[SourceQuality "1"]

1. e4 c6 2. d4 d5 3. Nc3 dxe4 4. Nxe4 Nf6 5. Ng5 h6 6. N5f3 e6 7. Bc4 b5 8. Bb3
c5 9. c4 bxc4 10. Bxc4 cxd4 11. Ne2 e5 12. Qb3 Qe7 13. O-O Nbd7 14. Nexd4 Rb8
15. Qc2 Qc5 16. Nb3 Qb6 17. Re1 Bd6 18. Nfd4 Ba6 19. Bxa6 Qxa6 20. Nf5 Bb4 21.
Bd2 g6 22. Bxb4 Rxb4 23. Qd2 Rf4 24. Qxf4 1-0

[Event "Torneo de Benidorm sub 2000 2019"]
[Site "Benidorm ESP"]
[Date "2019.12.01"]
[Round "3.9"]
[White "Scala, Lijubomir"]
[Black "Gutierrez Abarrategui, Luis"]
[Result "1/2-1/2"]
[WhiteElo "1952"]
[BlackElo "1855"]
[PlyCount "118"]
[EventDate "2019.11.29"]
[EventType "swiss"]
[EventRounds "10"]
[EventCountry "ESP"]
[SourceTitle "Ajedrez en Madrid"]
[Source "lmi"]
[SourceDate "2019.11.30"]
[SourceVersion "1"]
[SourceVersionDate "2019.12.08"]
[SourceQuality "1"]

1. d4 Nf6 2. Be3 b6 3. Nf3 Bb7 4. g3 d6 5. Bg2 Nbd7 6. O-O c5 7. c3 Qc7 8. Na3
a6 9. Nc2 e5 10. Rc1 Be7 11. Nce1 O-O 12. h3 Rac8 13. Nh2 Ne4 14. d5 f5 15. c4
Bg5 16. Bxg5 Nxg5 17. Qd2 h6 18. f4 Nf7 19. e4 fxe4 20. Bxe4 Nf6 21. Bf5 Rce8
22. fxe5 Nxe5 23. Nd3 Bc8 24. Nxe5 Rxe5 25. Bg4 Qe7 26. Bxc8 Rxc8 27. Rce1 Re8
28. Nf3 Re2 29. Rxe2 Qxe2 30. Qxe2 Rxe2 31. Rf2 Rxf2 32. Kxf2 Ne4+ 33. Kg2 Kf7
34. g4 b5 35. b3 b4 36. h4 Kf6 37. h5 Nc3 38. Nh4 Nxa2 39. Nf5 Nc1 40. Nxd6
Nxb3 41. Ne8+ Kf7 42. Nd6+ Kf8 43. Nf5 a5 44. d6 Ke8 45. Nxg7+ Kd7 46. Nf5 a4
47. g5 a3 48. g6 a2 49. g7 a1=Q 50. g8=Q Qf6 51. Qg6 Qf8 52. Qh7+ Ke6 53. Qc7
Kxf5 54. d7 Qa8+ 55. Kh2 Qa2+ 56. Kh3 Qe2 57. d8=Q Qf1+ 58. Kg3 Qg1+ 59. Kf3
Qf1+ 1/2-1/2

[Event "Torneo de Benidorm sub 2000 2019"]
[Site "Benidorm ESP"]
[Date "2019.12.01"]
[Round "3.10"]
[White "Carruana Fuentes, Rafael"]
[Black "Rohan, Bharat Joshi"]
[Result "0-1"]
[WhiteElo "1855"]
[BlackElo "1944"]
[PlyCount "52"]
[EventDate "2019.11.29"]
[EventType "swiss"]
[EventRounds "10"]
[EventCountry "ESP"]
[SourceTitle "Ajedrez en Madrid"]
[Source "lmi"]
[SourceDate "2019.11.30"]
[SourceVersion "1"]
[SourceVersionDate "2019.12.08"]
[SourceQuality "1"]

1. d4 Nf6 2. c4 e5 3. dxe5 Ng4 4. e3 Nxe5 5. f4 Nec6 6. Nc3 Bc5 7. Na4 Bb4+ 8.
Bd2 Qe7 9. Qe2 O-O 10. Bxb4 Qxb4+ 11. Nc3 d6 12. Qd2 Na6 13. Nf3 Be6 14. Nd5
Qc5 15. a3 Bxd5 16. cxd5 Ne7 17. Rc1 Qb6 18. Bxa6 bxa6 19. Kf2 Rfe8 20. Rhe1 a5
21. g4 Rab8 22. Re2 f5 23. g5 Qb7 24. Rd1 a4 25. Qa5 Qb3 26. Nd4 Qxd1 0-1

[Event "Torneo de Benidorm sub 2000 2019"]
[Site "Benidorm ESP"]
[Date "2019.12.02"]
[Round "4.1"]
[White "Perez Garcia, Jose Miguel"]
[Black "Nahornyi, Ihor"]
[Result "0-1"]
[WhiteElo "1920"]
[BlackElo "1999"]
[PlyCount "70"]
[EventDate "2019.11.29"]
[EventType "swiss"]
[EventRounds "10"]
[EventCountry "ESP"]
[SourceTitle "Ajedrez en Madrid"]
[Source "lmi"]
[SourceDate "2019.11.30"]
[SourceVersion "1"]
[SourceVersionDate "2019.12.08"]
[SourceQuality "1"]

1. e4 c5 2. Nf3 e6 3. d4 cxd4 4. Nxd4 a6 5. Bd3 Nf6 6. O-O Qc7 7. Qe2 d6 8. Nc3
Nbd7 9. Kh1 b5 10. Bd2 Bb7 11. f4 Nc5 12. b4 Nxd3 13. cxd3 Rc8 14. Rfc1 Qd7 15.
Nb3 e5 16. a4 bxa4 17. Nxa4 Rxc1+ 18. Nxc1 exf4 19. Bxf4 Be7 20. Nb3 O-O 21.
Nd4 Re8 22. Qf3 Nxe4 23. dxe4 Bf6 24. Nb6 Qc7 25. Nd5 Bxd5 26. exd5 Bxd4 27.
Rf1 Be5 28. Rc1 Qb7 29. Bd2 Rc8 30. Rc6 h6 31. Bxh6 Rxc6 32. dxc6 Qxb4 33. g3
gxh6 34. c7 Qb1+ 35. Kg2 Qc2+ 0-1

[Event "Torneo de Benidorm sub 2000 2019"]
[Site "Benidorm ESP"]
[Date "2019.12.02"]
[Round "4.2"]
[White "Machin Arbelo, Pedro Alexis"]
[Black "Pousada Garcia, Daniel"]
[Result "1-0"]
[WhiteElo "1995"]
[BlackElo "1891"]
[PlyCount "111"]
[EventDate "2019.11.29"]
[EventType "swiss"]
[EventRounds "10"]
[EventCountry "ESP"]
[SourceTitle "Ajedrez en Madrid"]
[Source "lmi"]
[SourceDate "2019.11.30"]
[SourceVersion "1"]
[SourceVersionDate "2019.12.08"]
[SourceQuality "1"]

1. e4 c5 2. Nf3 e6 3. c3 Nf6 4. e5 Nd5 5. Bc4 Nb6 6. Bb5 a6 7. Be2 Nc6 8. d4
cxd4 9. cxd4 d6 10. exd6 Bxd6 11. Nc3 O-O 12. Be3 Nb4 13. O-O Bd7 14. Ne5 N4d5
15. Nxd7 Qxd7 16. Bf3 Rac8 17. Nxd5 Nxd5 18. Qb3 Rc6 19. g3 Rb6 20. Qc2 Rc8 21.
Qe2 Be7 22. Rfc1 Rd8 23. a3 Qb5 24. Rc2 Qxe2 25. Bxe2 Bf6 26. Rac1 Rbd6 27. Bf3
R6d7 28. Kf1 h6 29. Rc8 Rxc8 30. Rxc8+ Kh7 31. Be4+ g6 32. Bxd5 exd5 33. Ke2
Kg7 34. Kd3 Rd6 35. Rc7 Rb6 36. b4 h5 37. Rd7 Rb5 38. Bd2 Kf8 39. a4 Ke8 40.
Rc7 Rb6 41. h4 Be7 42. b5 axb5 43. a5 Rf6 44. f4 Ra6 45. Rxb7 b4 46. Rb5 Kd7
47. Rxd5+ Kc6 48. Kc4 b3 49. Rb5 Bd8 50. Rxb3 Bxa5 51. d5+ Kd6 52. Ra3 Bxd2 53.
Rxa6+ Kd7 54. Ra7+ Ke8 55. d6 Be1 56. Re7+ 1-0

[Event "Torneo de Benidorm sub 2000 2019"]
[Site "Benidorm ESP"]
[Date "2019.12.02"]
[Round "4.3"]
[White "Rojas Fernandez, Andres"]
[Black "Bote Kobolo, Benjamin E."]
[Result "1-0"]
[WhiteElo "1888"]
[BlackElo "1983"]
[PlyCount "99"]
[EventDate "2019.11.29"]
[EventType "swiss"]
[EventRounds "10"]
[EventCountry "ESP"]
[SourceTitle "Ajedrez en Madrid"]
[Source "lmi"]
[SourceDate "2019.11.30"]
[SourceVersion "1"]
[SourceVersionDate "2019.12.08"]
[SourceQuality "1"]

1. e4 Nc6 2. Nf3 d6 3. d4 Nf6 4. Nc3 a6 5. a4 Bg4 6. Be3 e6 7. h3 Bh5 8. Be2
Be7 9. Nd2 Bg6 10. O-O e5 11. d5 Nb8 12. a5 Nbd7 13. b4 O-O 14. b5 axb5 15.
Bxb5 Nc5 16. Bxc5 dxc5 17. a6 bxa6 18. Bxa6 Nh5 19. Bc4 Bd6 20. Rxa8 Qxa8 21.
Be2 Nf6 22. Qa1 Qd8 23. Rb1 h6 24. Qa4 Qe7 25. Rb7 Ne8 26. Bb5 Nf6 27. Bd3 Nh5
28. Ne2 Qf6 29. Qb5 Nf4 30. Nxf4 exf4 31. Qb1 Kh7 32. Qd1 Ra8 33. Rb1 Be5 34.
Nc4 Bd4 35. Qe2 Re8 36. Kh1 Qh4 37. f3 Kg8 38. Na5 Qg5 39. Nc6 Be3 40. e5 Bh5
41. d6 cxd6 42. exd6 c4 43. Bxc4 Qc5 44. d7 Qxc6 45. dxe8=Q+ Qxe8 46. Qd3 g6
47. Qd6 Ba7 48. Qc7 Qa8 49. Qxf7+ Kh8 50. Rb7 1-0

[Event "Torneo de Benidorm sub 2000 2019"]
[Site "Benidorm ESP"]
[Date "2019.12.02"]
[Round "4.4"]
[White "Gochev, Plamen"]
[Black "Westerweele, Henrik"]
[Result "1/2-1/2"]
[WhiteElo "1887"]
[BlackElo "1977"]
[PlyCount "102"]
[EventDate "2019.11.29"]
[EventType "swiss"]
[EventRounds "10"]
[EventCountry "ESP"]
[SourceTitle "Ajedrez en Madrid"]
[Source "lmi"]
[SourceDate "2019.11.30"]
[SourceVersion "1"]
[SourceVersionDate "2019.12.08"]
[SourceQuality "1"]

1. c4 e6 2. Nc3 f5 3. g3 Nf6 4. Bg2 Be7 5. e3 O-O 6. Nge2 d6 7. d4 Qe8 8. b4
Nbd7 9. Nf4 Bd8 10. Qb3 g5 11. Nfe2 c6 12. b5 d5 13. a4 Nb6 14. c5 Nc4 15. e4
Na5 16. Qc2 Nxe4 17. Nxe4 fxe4 18. Rb1 Bd7 19. Nc3 e5 20. dxe5 Qxe5 21. O-O Bf5
22. Ne2 e3 23. Qb2 Qxb2 24. Rxb2 Bf6 25. fxe3 Bxb2 26. Bxb2 Be4 27. Rc1 Bxg2
28. Kxg2 Rae8 29. Rc3 Rf7 30. Nd4 Ref8 31. Rc2 Nc4 32. Bc1 Re8 33. Rc3 Ne5 34.
bxc6 bxc6 35. g4 Nxg4 36. Nxc6 Ref8 37. Rc2 Rf2+ 38. Rxf2 Rxf2+ 39. Kg3 Rc2 40.
Kxg4 Rxc1 41. Nxa7 Rxc5 42. Nb5 Rc4+ 43. Kxg5 Rxa4 44. Nd4 Ra2 45. h4 Rg2+ 46.
Kf6 Rh2 47. Nf5 Kf8 48. Ke6 Rd2 49. Kf6 Kg8 50. Ke6 Kf8 51. Kf6 Kg8 1/2-1/2

[Event "Torneo de Benidorm sub 2000 2019"]
[Site "Benidorm ESP"]
[Date "2019.12.02"]
[Round "4.5"]
[White "Moya Mallafre, Daniel Erik"]
[Black "Sabater Robles, Rafael"]
[Result "1-0"]
[WhiteElo "1886"]
[BlackElo "1956"]
[PlyCount "103"]
[EventDate "2019.11.29"]
[EventType "swiss"]
[EventRounds "10"]
[EventCountry "ESP"]
[SourceTitle "Ajedrez en Madrid"]
[Source "lmi"]
[SourceDate "2019.11.30"]
[SourceVersion "1"]
[SourceVersionDate "2019.12.08"]
[SourceQuality "1"]

1. d4 Nf6 2. Nf3 g6 3. g3 Bg7 4. Bg2 O-O 5. c4 d6 6. O-O Nbd7 7. Qc2 Re8 8. Rd1
Nf8 9. Nc3 c6 10. e4 Qc7 11. h3 a5 12. Be3 h6 13. Rac1 Kh7 14. Qd3 Ng8 15. g4
Bd7 16. Bf4 e5 17. Bg3 Rad8 18. c5 Bc8 19. cxd6 Qxd6 20. Qc4 Qb4 21. Qxb4 axb4
22. Ne2 exd4 23. Nfxd4 Ne6 24. Nxe6 Bxe6 25. b3 Ra8 26. Rd2 Red8 27. Rcd1 Rxa2
28. Rxd8 Rxe2 29. Rb8 c5 30. Rdd8 Nf6 31. Kf1 Rc2 32. Rxb7 Bxb3 33. e5 Bc4+ 34.
Kg1 b3 35. exf6 Bxf6 36. Rdb8 b2 37. Be4 Re2 38. f3 Bd4+ 39. Kh1 Ba2 40. h4 Kg7
41. Rd7 Rxe4 42. fxe4 Be6 43. Rxd4 cxd4 44. Be5+ f6 45. Rb7+ Kf8 46. Bxd4 Bxg4
47. Bxf6 Bf3+ 48. Kg1 Bxe4 49. Rxb2 Kf7 50. Rb6 Bf5 51. Kf2 Be6 52. Bd8 1-0

[Event "Torneo de Benidorm sub 2000 2019"]
[Site "Benidorm ESP"]
[Date "2019.12.02"]
[Round "4.6"]
[White "Rohan, Bharat Joshi"]
[Black "Tusu, Nicolae-Dan"]
[Result "0-1"]
[WhiteElo "1944"]
[BlackElo "1817"]
[PlyCount "120"]
[EventDate "2019.11.29"]
[EventType "swiss"]
[EventRounds "10"]
[EventCountry "ESP"]
[SourceTitle "Ajedrez en Madrid"]
[Source "lmi"]
[SourceDate "2019.11.30"]
[SourceVersion "1"]
[SourceVersionDate "2019.12.08"]
[SourceQuality "1"]

1. e4 c5 2. Nf3 e6 3. c3 d5 4. exd5 exd5 5. d4 Nc6 6. Be2 Nf6 7. O-O Be7 8.
dxc5 Bxc5 9. Nbd2 O-O 10. Nb3 Be7 11. Nbd4 Ne4 12. Be3 Bf6 13. h3 Re8 14. Qc1
a6 15. Rd1 Qe7 16. Bd3 Nxd4 17. Nxd4 Qe5 18. Re1 Bd7 19. Bf4 Qh5 20. Qd1 Qh4
21. g3 Qxh3 22. Bf1 Qg4 23. f3 Bxd4+ 24. Qxd4 Qxf3 25. Be2 Ng5 26. Bxf3 Nxf3+
27. Kf2 Nxd4 28. cxd4 f6 29. Rac1 Bc6 30. Bd6 Kf7 31. Bc5 Rxe1 32. Rxe1 Re8 33.
Rxe8 Bxe8 34. Ke3 Ke6 35. Kf4 g5+ 36. Kg4 h5+ 37. Kf3 Kf5 38. Be7 Bb5 39. b4
Bd3 40. Kg2 Ke6 41. Bd8 Bc2 42. a3 Kf5 43. Kh3 Bd1 44. Be7 Bg4+ 45. Kg2 h4 46.
gxh4 gxh4 47. a4 Ke6 48. Bd8 h3+ 49. Kg3 f5 50. Bc7 Kd7 51. Bb8 Kc6 52. Kh4 Bd1
53. Kg5 Bxa4 54. Kxf5 Kb5 55. Kg4 Kxb4 56. Kxh3 Kc3 57. Ba7 b5 58. Bb6 b4 59.
Ba5 Kc4 60. Kg3 b3 0-1

[Event "Torneo de Benidorm sub 2000 2019"]
[Site "Benidorm ESP"]
[Date "2019.12.02"]
[Round "4.7"]
[White "Izagirre Alsua, Aritz"]
[Black "Nazarov, Alexander"]
[Result "1/2-1/2"]
[WhiteElo "1881"]
[BlackElo "1943"]
[PlyCount "84"]
[EventDate "2019.11.29"]
[EventType "swiss"]
[EventRounds "10"]
[EventCountry "ESP"]
[SourceTitle "Ajedrez en Madrid"]
[Source "lmi"]
[SourceDate "2019.11.30"]
[SourceVersion "1"]
[SourceVersionDate "2019.12.08"]
[SourceQuality "1"]

1. e4 c5 2. Nf3 d6 3. Bb5+ Bd7 4. Bxd7+ Qxd7 5. O-O Nf6 6. e5 dxe5 7. Nxe5 Qc7
8. d4 cxd4 9. Qxd4 Nc6 10. Nxc6 Qxc6 11. Nc3 e6 12. Be3 Be7 13. Rad1 O-O 14.
Qf4 b5 15. a3 a5 16. Qf3 Qxf3 17. gxf3 b4 18. axb4 axb4 19. Ne4 Rfc8 20. Ra1
Nd5 21. Rxa8 Rxa8 22. c4 bxc3 23. Nxc3 Nxc3 24. bxc3 Rc8 25. Rc1 Kf8 26. Kf1
Ke8 27. Ke2 Bd6 28. h3 Rc4 29. Kd3 Rh4 30. Rh1 Kd7 31. c4 Kc6 32. Bg5 Rh5 33.
h4 h6 34. Be3 Be7 35. Ra1 Bxh4 36. Ra6+ Kd7 37. Ra7+ Kc6 38. Rxf7 Rf5 39. Rxg7
Rxf3 40. Rg6 Bxf2 41. Rxe6+ Kd7 42. Ke2 Rxe3+ 1/2-1/2

[Event "Torneo de Benidorm sub 2000 2019"]
[Site "Benidorm ESP"]
[Date "2019.12.02"]
[Round "4.8"]
[White "Hamilton, Douglas"]
[Black "Rangelov Mihailov, Georgi"]
[Result "1-0"]
[WhiteElo "1836"]
[BlackElo "1937"]
[PlyCount "79"]
[EventDate "2019.11.29"]
[EventType "swiss"]
[EventRounds "10"]
[EventCountry "ESP"]
[SourceTitle "Ajedrez en Madrid"]
[Source "lmi"]
[SourceDate "2019.11.30"]
[SourceVersion "1"]
[SourceVersionDate "2019.12.08"]
[SourceQuality "1"]

1. d4 Nf6 2. Nc3 g6 3. Bf4 Bg7 4. e4 d6 5. Qd2 c6 6. Nf3 O-O 7. a4 Re8 8. Bc4
e6 9. Bb3 Nh5 10. Bh6 Bh8 11. O-O Qe7 12. e5 d5 13. g4 Ng7 14. Bg5 Qc7 15. Bf6
Nd7 16. Qh6 Nf8 17. Ng5 Bd7 18. Rfe1 c5 19. dxc5 Qxc5 20. Re3 Qd4 21. Rg3 Nf5
22. gxf5 Bxf6 23. Nf3 Bg7 24. Qxg7+ Kxg7 25. f6+ Kg8 26. Nxd4 a6 27. h4 Bc6 28.
h5 Nd7 29. f4 Nc5 30. hxg6 fxg6 31. Kf2 Kf7 32. Ke3 Rad8 33. Rh3 h5 34. Nce2
Rc8 35. c3 Nxb3 36. Nxb3 Rg8 37. Nbd4 Bd7 38. Nf3 Rc4 39. Ng5+ Kf8 40. Nd4 1-0

[Event "Torneo de Benidorm sub 2000 2019"]
[Site "Benidorm ESP"]
[Date "2019.12.02"]
[Round "4.10"]
[White "Campos Gutierrez, Jorge"]
[Black "Panican, Gheorghe"]
[Result "0-1"]
[WhiteElo "1865"]
[BlackElo "1998"]
[PlyCount "124"]
[EventDate "2019.11.29"]
[EventType "swiss"]
[EventRounds "10"]
[EventCountry "ESP"]
[SourceTitle "Ajedrez en Madrid"]
[Source "lmi"]
[SourceDate "2019.11.30"]
[SourceVersion "1"]
[SourceVersionDate "2019.12.08"]
[SourceQuality "1"]

1. d4 Nf6 2. Nf3 d6 3. g3 Nbd7 4. Bg2 e5 5. O-O Be7 6. Re1 O-O 7. e4 c6 8. Nc3
Qc7 9. d5 cxd5 10. Nxd5 Nxd5 11. exd5 f5 12. b3 Bf6 13. Rb1 h6 14. Ba3 a5 15.
Nd2 b5 16. Bf1 b4 17. Bb2 Nb6 18. Nc4 Nxc4 19. Bxc4 Ba6 20. Bxa6 Rxa6 21. Qd3
Qc8 22. f3 Ra8 23. Kg2 Qd7 24. Qd2 Qb5 25. Qd3 Qxd3 26. cxd3 Rfc8 27. Rec1 Bg5
28. Rc6 Rxc6 29. dxc6 Rc8 30. f4 exf4 31. h4 f3+ 32. Kxf3 Bd2 33. Ke2 Bc3 34.
Bxc3 bxc3 35. Rc1 Rxc6 36. d4 g5 37. Kd3 g4 38. Rc2 Kf7 39. a3 h5 40. b4 axb4
41. axb4 Ke6 42. b5 Rc8 43. b6 Rb8 44. Rxc3 Rxb6 45. Ke3 Kd5 46. Ra3 Rb5 47.
Rc3 Ra5 48. Rb3 Kc4 49. Rd3 d5 50. Rd1 Ra3+ 51. Kf4 Rf3+ 52. Kg5 Rxg3 53. Kxh5
f4 54. Kg5 f3 55. Kf4 Rg2 56. Rf1 f2 57. h5 g3 58. Kf3 Rg1 59. Ke2 Rxf1 60.
Kxf1 Kd3 61. h6 Ke3 62. h7 Kf3 0-1

[Event "Torneo de Benidorm sub 2000 2019"]
[Site "Benidorm ESP"]
[Date "2019.12.02"]
[Round "4.11"]
[White "Almonti, Alessandro"]
[Black "Pokhlebin, Sergej"]
[Result "0-1"]
[WhiteElo "1989"]
[BlackElo "1864"]
[PlyCount "78"]
[EventDate "2019.11.29"]
[EventType "swiss"]
[EventRounds "10"]
[EventCountry "ESP"]
[SourceTitle "Ajedrez en Madrid"]
[Source "lmi"]
[SourceDate "2019.11.30"]
[SourceVersion "1"]
[SourceVersionDate "2019.12.08"]
[SourceQuality "1"]

1. f4 g6 2. Nf3 Bg7 3. g3 d6 4. e4 Nc6 5. d4 Bg4 6. c3 e5 7. fxe5 dxe5 8. d5
Nce7 9. Bg2 Qd7 10. h3 Bxf3 11. Qxf3 f5 12. exf5 O-O-O 13. fxg6 Nf6 14. c4 Nf5
15. Qa3 Kb8 16. Be3 b6 17. Bf2 e4 18. g4 e3 19. Bg1 Nd4 20. Qd3 Nxg4 21. Nc3
Ne5 22. Qe4 Rde8 23. O-O-O Nxc4 24. Qd3 e2 25. Re1 Nxb2 26. Kxb2 Nb5 27. Bf2
Bxc3+ 28. Kc2 Bxe1 29. Rxe1 Rhf8 30. Be3 hxg6 31. Rxe2 Nd6 32. Kd2 Qf5 33. Qb3
Ne4+ 34. Ke1 Ng3 35. Rc2 Rxe3+ 36. Qxe3 Qxc2 37. Qxg3 Re8+ 38. Kf1 Qd1+ 39. Kf2
Qe1+ 0-1